00329nam a2200121Ia 4500008004100000041000800041082001600049100002000065245004500085260004400130300002400174365000900198240624s9999 xx 000 0 und d aeng a658.155 FAB aFABOZZI FRANK J aADVANCES IN FIXED INCOME VALUATION MODEL c1997aPennsylvaniabJohn Wiley and Sons a379 : p. : cm. ; 24 cb30